Normal view
MARC view
Entry Personal Name
001 - CONTROL NUMBER
- control field: 29278
003 - CONTROL NUMBER IDENTIFIER
- control field: ENAL
005 - DATE AND TIME OF LATEST TRANSACTION
- control field: 20191117122742.0
008 - FIXED-LENGTH DATA ELEMENTS
- fixed length control field: 191117|| aca||aabn | a|a d
040 ## - CATALOGING SOURCE
- Original cataloging agency: ENAL
- Transcribing agency: ENAL
100 ## - HEADING--PERSONAL NAME
- Personal name: El-Shafei, Wael Kamal Mohamed
670 ## - SOURCE DATA FOUND
- Source citation: Work cat.: (ENAL): El-Shafei, Wael Kamal Mohamed , Studies on efficiency of certain methyl bromide alternatives against Ephestia Cautella (Walker) Lepidoptera: Pyralidae, 2015.